Heat and mass transfer (Record no. 5861)

000 -LEADER
fixed length control field 00529nam a2200205 4500
001 - CONTROL NUMBER
control field 5861
003 - CONTROL NUMBER IDENTIFIER
control field BD-DhUET
008 - FIXED-LENGTH DATA ELEMENTS--GENERAL INFORMATION
fixed length control field 700409m19679999is a b 000 0 eng
040 ## - CATALOGING SOURCE
Original cataloging agency DLC
Transcribing agency DLC
Modifying agency BD-DhUET
082 00 - DEWEY DECIMAL CLASSIFICATION NUMBER
Classification number 621.011
Item number ECK/1959
100 ## - MAIN ENTRY--PERSONAL NAME
Personal name Eckert, R. R. G.
245 00 - TITLE STATEMENT
Title Heat and mass transfer
250 ## - EDITION STATEMENT
Edition statement 2nd ed.
260 ## - PUBLICATION, DISTRIBUTION, ETC. (IMPRINT)
Place of publication, distribution, etc. New York
Name of publisher, distributor, etc. McGraw-Hill
Date of publication, distribution, etc. 1959
300 ## - PHYSICAL DESCRIPTION
Extent xiv, 530p.
490 1# - SERIES STATEMENT
Series statement McGraw-Hill series in mechanical engineering
650 #0 - SUBJECT ADDED ENTRY--TOPICAL TERM
Topical term or geographic name as entry element Heat-Transmission
700 ## - ADDED ENTRY--PERSONAL NAME
Personal name Drake, Robert M.
942 ## - ADDED ENTRY ELEMENTS (KOHA)
Koha item type General Book
Holdings
Damaged status Price effective from Withdrawn status Not for loan Koha date last seen Date acquired Copy number Koha full call number Lost status Koha date last borrowed Location (home branch) Piece designation (barcode) Koha item type Koha normalized classification for sorting Sublocation or collection (holding branch) Source of classification or shelving scheme Shelving location Koha issues (times borrowed)
 2014-11-29  2014-11-292014-11-29 621.011/ECK/1959  Central Library, BUET36668General Book621_011000000000000_ECK_1959Central Library, BUET Circulation section 
 2014-12-03  2014-12-032014-12-032621.011/ECK/1959  Central Library, BUET14884General Book621_000000000000000_011ECK1959Central Library, BUET Circulation section 
 2015-04-12  2015-04-122015-04-123621.011/ECK/1959  Central Library, BUET11302General Book621_011000000000000_ECK_1959Central Library, BUET Circulation section 
 2015-04-12  2015-04-122015-04-124621.011/ECK/1959  Central Library, BUET31276General Book621_011000000000000_ECK_1959Central Library, BUET Circulation section 
 2015-04-12  2015-04-122015-04-125621.011/ECK/1959  Central Library, BUET31274General Book621_011000000000000_ECK_1959Central Library, BUET Circulation section 
 2015-04-12  2015-04-122015-04-126621.011/ECK/1959  Central Library, BUET31271General Book621_011000000000000_ECK_1959Central Library, BUET Circulation section 
 2015-04-12  2015-04-122015-04-127621.011/ECK/1959  Central Library, BUET31272General Book621_011000000000000_ECK_1959Central Library, BUET Circulation section 
 2015-04-13  2021-11-282015-04-138621.011/ECK/1959 2020-03-02Central Library, BUET31277General Book621_011000000000000_ECK_1959Central Library, BUET Circulation section1
 2015-04-13  2015-04-132015-04-139621.011/ECK/1959  Central Library, BUET11301General Book621_011000000000000_ECK_1959Central Library, BUET Circulation section 
 2015-04-13  2015-04-132015-04-1310621.011/ECK/1959  Central Library, BUET11303General Book621_011000000000000_ECK_1959Central Library, BUET Circulation section 
 2015-04-13  2015-04-132015-04-1311621.011/ECK/1959  Central Library, BUET24625General Book621_011000000000000_ECK_1959Central Library, BUET Circulation section 
 2015-04-13  2015-04-132015-04-1312621.011/ECK/1959  Central Library, BUET7652General Book621_011000000000000_ECK_1959Central Library, BUET Circulation section 
 2015-04-13  2015-04-132015-04-1313621.011/ECK/1959  Central Library, BUET24320General Book621_011000000000000_ECK_1959Central Library, BUET Circulation section 
 2015-04-13  2015-04-132015-04-1314621.011/ECK/1959  Central Library, BUET24976General Book621_011000000000000_ECK_1959Central Library, BUET Circulation section 
 2015-04-13  2015-04-132015-04-1315621.011/ECK/1959  Central Library, BUET31275General Book621_011000000000000_ECK_1959Central Library, BUET Circulation section 
 2015-06-16  2015-06-162015-06-1616621.011/ECK/1959  Central Library, BUET7655General Book621_011000000000000_ECK_1959Central Library, BUET Reading section